00560nam a22002057a 450000500170000001000130001702000100003003500130004003700160005304000120006908200130008110000080009424500590010226000420016127000680020330000280027165000230029965000290032270000030035120170124110208.0 aB-229350 c00.00 aB-229350 bCen Lib/Ret aDPLbEN a000bARI aAri aSelf study guide NIFT NID IIFT entrance exam /cby Ari aNew DelhibAcademic Publishers c2001 aB-9, Ratan Jyoti Building ,18 Rajendra PlacebNew Delhie110008 aVarious Pagesc26cm(Hb) aFashion Management a Management-Fashion Exam